|
|
|
|
| LEADER |
01285nab#a2200469#ar4500 |
| 001 |
000114021 |
| 003 |
SVKKK |
| 005 |
20141021082124.0 |
| 008 |
141021c2010 |||||||||||||||b|cze |
| FMT |
|
|
|
| 015 |
|
|
|a SNBRB2014/10
|
| 038 |
|
|
|a SVKKK
|
| 040 |
|
|
|a SVKKK
|b slo
|e AACR2
|
| 041 |
0 |
|
|a cze
|b ger
|
| 044 |
|
|
|a xo
|c SK
|
| 080 |
|
|
|a 903.5
|x "6383"
|x (437.1/.2)
|2 2008
|
| 080 |
|
|
|a 902.2
|2 2008
|
| 090 |
|
|
|a V.228803
|
| 245 |
1 |
0 |
|a Halštatské pohřebiště ze Slavkova u Brna (okr. Vyškov)
|c Miluše Dobisíková ... [et al.]
|
| 300 |
|
|
|b Obr., tab.
|
| 504 |
|
|
|a Bibliogr. odkazy
|
| 546 |
|
|
|a Res. nem.
|
| 650 |
0 |
4 |
|a birituálne pohrebiská
|
| 650 |
0 |
4 |
|a horákovská kultúra
|
| 650 |
0 |
4 |
|a doba halštatská
|
| 651 |
|
4 |
|a Slavkov u Brna (Česko)
|
| 700 |
1 |
|
|a Dobisíková, Miluše
|4 aut
|
| 700 |
1 |
|
|a Geisler, Martin
|4 aut
|
| 700 |
1 |
|
|a Kala, Jiří
|4 aut
|
| 700 |
1 |
|
|a Kos, Petr
|4 aut
|
| 700 |
1 |
|
|a Mikulková, Blanka
|4 aut
|
| 700 |
1 |
|
|a Parma, David
|4 aut
|
| 700 |
1 |
|
|a Přichystal, Antonín
|4 aut
|
| 773 |
0 |
|
|t Popolnicové polia a doba halštatská
|d Nitra : Archeologický ústav SAV, 2010
|g S. 57-100
|z 9788089315260
|
| 958 |
|
|
|a NB
|
| 958 |
|
|
|a CZ
|
| 974 |
|
|
|a Ma
|
| 992 |
|
|
|a RZB
|
| BAS |
|
|
|
| 852 |
|
|
|a SVKKK
|b BIB
|
| EXP |
|
|
|
| 998 |
|
|
|a SLO
|